[Event "NB II. Erkel csoport"]
[Site "Vac"]
[Date "2024.04.21"]
[Round "8.5"]
[White "Fendrik, Lajos"]
[Black "Veres, Istvan"]
[Result "1-0"]
[WhiteElo "2115"]
[BlackElo "1961"]
[PlyCount "79"]
[EventDate "2023.10.08"]
[EventType "team-tourn"]
[EventRounds "9"]
[EventCountry "HUN"]
[Source "chess.hu"]
[WhiteTeam "HUSI SC"]
[BlackTeam "Vaci SC"]
[WhiteTeamCountry "HUN"]
[BlackTeamCountry "HUN"]

1. e4 c5 2. Nc3 Nc6 3. f4 e6 4. Nf3 d5 5. Bb5 d4 6. Bxc6+ bxc6 7. Ne2 Nf6 8. d3
Be7 9. b3 O-O 10. O-O Qc7 11. Kh1 Nd7 12. g4 Ba6 13. Rg1 f6 14. f5 Ne5 15. Nxe5
fxe5 16. Ng3 Rae8 17. Bd2 Bc8 18. Qe2 Qd8 19. Raf1 Bg5 20. Rf3 h6 21. Nf1 Rf7
22. Bxg5 Qxg5 23. Qd2 Qxd2 24. Nxd2 Ba6 25. Rgf1 Bc8 26. h4 exf5 27. exf5 h5
28. g5 Ref8 29. f6 gxf6 30. gxf6 Be6 31. Kh2 Kh7 32. Ne4 Rg8 33. Ng5+ Rxg5 34.
hxg5 Kg6 35. Rg3 Bg4 36. Re1 Kxg5 37. Rxe5+ Kf4 38. Rxc5 Rxf6 39. Rc4 Rd6 40.
Rg1 1-0

[Event "NB II. Erkel csoport"]
[Site "Vac"]
[Date "2024.04.21"]
[Round "8.6"]
[White "Slezak, Robert"]
[Black "Feher, Botond"]
[Result "1/2-1/2"]
[WhiteElo "1970"]
[BlackElo "2147"]
[PlyCount "81"]
[EventDate "2023.10.08"]
[EventType "team-tourn"]
[EventRounds "9"]
[EventCountry "HUN"]
[Source "chess.hu"]
[WhiteTeam "Vaci SC"]
[BlackTeam "HUSI SC"]
[WhiteTeamCountry "HUN"]
[BlackTeamCountry "HUN"]

1. e4 c5 2. Be2 Nc6 3. d3 g6 4. f4 Bg7 5. Nf3 e6 6. O-O Nge7 7. Qe1 O-O 8. Qh4
Nd4 9. Nxd4 Bxd4+ 10. Kh1 Bg7 11. Nd2 d5 12. Nf3 Nc6 13. Qxd8 Rxd8 14. c3 b6
15. e5 Ba6 16. Bd2 f6 17. exf6 Bxf6 18. Rfe1 Rf8 19. Bf1 Rae8 20. Kg1 e5 21.
fxe5 Nxe5 22. Nxe5 Bxe5 23. Bh6 Rf5 24. g3 d4 25. c4 Bb7 26. Bg2 Bxg2 27. Kxg2
Rf6 28. Re4 Rfe6 29. Rae1 Kf7 30. Bd2 Bf6 31. Kf3 h5 32. b4 g5 33. h3 Rxe4 34.
Rxe4 Rxe4 35. Kxe4 Ke6 36. bxc5 bxc5 37. g4 hxg4 38. hxg4 Bd8 39. Be1 Bc7 40.
Bd2 Bd8 41. Be1 1/2-1/2

[Event "NB II. Erkel csoport"]
[Site "Vac"]
[Date "2024.04.21"]
[Round "8.7"]
[White "Feher, Tamas"]
[Black "Kiss, Pal Vac"]
[Result "1-0"]
[WhiteElo "2086"]
[BlackElo "1965"]
[PlyCount "92"]
[EventDate "2023.10.08"]
[EventType "team-tourn"]
[EventRounds "9"]
[EventCountry "HUN"]
[Source "chess.hu"]
[WhiteTeam "HUSI SC"]
[BlackTeam "Vaci SC"]
[WhiteTeamCountry "HUN"]
[BlackTeamCountry "HUN"]

1. c4 e5 2. g3 Nf6 3. Bg2 Nc6 4. Nf3 d5 5. cxd5 Nxd5 6. O-O Be7 7. d4 exd4 8.
Nxd4 O-O 9. Nxc6 bxc6 10. Qa4 Qe8 11. Nc3 Nxc3 12. bxc3 Bd7 13. Rd1 Bd6 14. Be3
c5 15. Qa3 Bc6 16. Bxc6 Qxc6 17. c4 Qe4 18. Qd3 Rfe8 19. Rab1 Qxd3 20. Rxd3 Re4
21. Rc3 Rae8 22. Rb7 a6 23. Ra7 f5 24. Rxa6 Be5 25. Rc2 Bd4 26. Bxd4 cxd4 27.
Kf1 R8e6 28. Rxe6 Rxe6 29. a4 Ra6 30. Ra2 Kf7 31. Ke1 Ke6 32. Kd2 Kd6 33. Kd3
Kc5 34. a5 g5 35. h3 f4 36. gxf4 gxf4 37. f3 Re6 38. a6 Re3+ 39. Kd2 Re8 40. a7
Ra8 41. Kd3 Kb6 42. Kxd4 Rxa7 43. Rxa7 Kxa7 44. Ke5 Kb6 45. Kxf4 Kc5 46. Ke5
Kxc4 1-0

[Event "NB II. Erkel csoport"]
[Site "Vac"]
[Date "2024.04.21"]
[Round "8.8"]
[White "Torok, Tamas"]
[Black "Horvath, Antal Jr"]
[Result "1/2-1/2"]
[WhiteElo "1945"]
[BlackElo "2038"]
[PlyCount "116"]
[EventDate "2023.10.08"]
[EventType "team-tourn"]
[EventRounds "9"]
[EventCountry "HUN"]
[Source "chess.hu"]
[WhiteTeam "Vaci SC"]
[BlackTeam "HUSI SC"]
[WhiteTeamCountry "HUN"]
[BlackTeamCountry "HUN"]

1. d4 Nf6 2. Nf3 g6 3. Bf4 Bg7 4. e3 d5 5. Nbd2 Nbd7 6. c4 c5 7. h3 Qa5 8. Bd3
cxd4 9. exd4 dxc4 10. Bxc4 Ne4 11. O-O Nxd2 12. Qxd2 Qxd2 13. Bxd2 Nb6 14. Bb3
O-O 15. Rfe1 e6 16. Rac1 Bd7 17. Ne5 Rac8 18. Ba5 Bc6 19. Bxb6 axb6 20. Nxf7
Rxf7 21. Bxe6 Bxd4 22. Bxc8 Rxf2 23. Be6+ Kg7 24. Rxc6 bxc6 25. Kh2 Rxb2 26.
Bb3 c5 27. Re7+ Kf6 28. Rf7+ Kg5 29. Rxh7 Be5+ 30. Kg1 Bg3 31. Kf1 Rf2+ 32. Kg1
Re2 33. Rf7 b5 34. Rf3 Kh4 35. Bf7 c4 36. a4 c3 37. Bb3 c2 38. Rf1 Bf2+ 39. Kh2
bxa4 40. Bxa4 Be3 41. Bxc2 Rxc2 42. Rf6 Kg5 43. Rf3 Bb6 44. Rg3+ Kh5 45. Rg4
Rd2 46. Kg3 Rd4 47. Rxd4 Bxd4 48. Kh2 Kg5 49. Kg3 Bc3 50. Kf2 Kf4 51. g3+ Ke4
52. h4 Bd4+ 53. Kg2 Bc5 54. Kh3 Kf3 55. g4 Be7 56. g5 Kf4 57. h5 Kxg5 58. hxg6
Kxg6 1/2-1/2

[Event "NB II. Erkel csoport"]
[Site "Vac"]
[Date "2024.04.21"]
[Round "8.10"]
[White "Kovolgyi, Krisztian"]
[Black "Laszlo, Laura Dr"]
[Result "1-0"]
[WhiteElo "1821"]
[BlackElo "1873"]
[PlyCount "57"]
[EventDate "2023.10.08"]
[EventType "team-tourn"]
[EventRounds "9"]
[EventCountry "HUN"]
[Source "chess.hu"]
[WhiteTeam "Vaci SC"]
[BlackTeam "HUSI SC"]
[WhiteTeamCountry "HUN"]
[BlackTeamCountry "HUN"]

1. e4 c5 2. Nf3 Nc6 3. d4 cxd4 4. Nxd4 e5 5. Nb3 Nf6 6. Bd3 d5 7. exd5 Nxd5 8.
Be4 Be6 9. O-O Be7 10. c3 O-O 11. Qc2 f5 12. Bxd5 Qxd5 13. Rd1 Qc4 14. Qd2 Qh4
15. Qe1 Rad8 16. N1d2 Qh5 17. Qf1 e4 18. Re1 Rf6 19. Nc4 Rd3 20. Ne3 Ne5 21.
Nd4 Bd7 22. Nd5 Bd6 23. Nxf6+ gxf6 24. Bf4 Nf3+ 25. gxf3 exf3 26. Bxd6 Qg6+ 27.
Kh1 Kh8 28. Qg1 Qh6 29. Nxf5 1-0

[Event "NB II. Erkel csoport"]
[Site "Vac"]
[Date "2024.04.21"]
[Round "8.11"]
[White "Hugyecz, Barnabas"]
[Black "Prohaszka, Gyula Imre"]
[Result "0-1"]
[WhiteElo "1826"]
[BlackElo "1730"]
[PlyCount "64"]
[EventDate "2023.10.08"]
[EventType "team-tourn"]
[EventRounds "9"]
[EventCountry "HUN"]
[Source "chess.hu"]
[WhiteTeam "HUSI SC"]
[BlackTeam "Vaci SC"]
[WhiteTeamCountry "HUN"]
[BlackTeamCountry "HUN"]

1. e4 c6 2. d4 d5 3. exd5 cxd5 4. c4 Nf6 5. Nc3 Nc6 6. Nf3 Bg4 7. cxd5 Nxd5 8.
Qb3 Bxf3 9. gxf3 Nxc3 10. bxc3 Qc7 11. Be2 e6 12. Bf4 Qd7 13. Rb1 b6 14. Qa4
Rd8 15. Bb5 Rc8 16. c4 Bd6 17. Bxd6 Qxd6 18. d5 exd5 19. cxd5 Qxd5 20. Rc1 O-O
21. Bxc6 Rfe8+ 22. Kf1 Qd3+ 23. Kg2 Qg6+ 24. Kh3 Re5 25. Qg4 Rh5+ 26. Kg3 Rg5
27. Be4 Rxg4+ 28. fxg4 Qd6+ 29. f4 Rf8 30. Rc2 g5 31. Rf1 Re8 32. Re2 Rxe4 0-1

[Event "NB II. Erkel csoport"]
[Site "Vac"]
[Date "2024.04.21"]
[Round "8.12"]
[White "Keresztesi, Aron Bendeguz"]
[Black "Mohacsy, Zsombor"]
[Result "0-1"]
[WhiteElo "1531"]
[BlackElo "1756"]
[PlyCount "116"]
[EventDate "2023.10.08"]
[EventType "team-tourn"]
[EventRounds "9"]
[EventCountry "HUN"]
[Source "chess.hu"]
[WhiteTeam "Vaci SC"]
[BlackTeam "HUSI SC"]
[WhiteTeamCountry "HUN"]
[BlackTeamCountry "HUN"]

1. d4 Nf6 2. Nf3 g6 3. g3 Bg7 4. Bg2 O-O 5. b3 d5 6. Bb2 c6 7. O-O Nbd7 8. c4
Ne4 9. Nc3 Ndf6 10. Nxe4 Nxe4 11. Nd2 Nxd2 12. Qxd2 dxc4 13. bxc4 Be6 14. Qd3
Rc8 15. c5 b5 16. cxb6 axb6 17. a3 b5 18. Rac1 Bc4 19. Qd2 c5 20. Rfd1 cxd4 21.
Bxd4 Bxd4 22. Qxd4 Qxd4 23. Rxd4 Bxe2 24. Re1 Bc4 25. Rxe7 Rce8 26. Rxe8 Rxe8
27. Rd1 Re6 28. Rc1 Ra6 29. Rc3 Rd6 30. Bf1 Rd1 31. Kg2 Bxf1+ 32. Kf3 Rd3+ 33.
Rxd3 Bxd3 34. Ke3 Bc2 35. h4 h5 36. f4 Kf8 37. Kd4 Ke7 38. Kc5 Bd3 39. Kd4 Bf1
40. Ke5 f6+ 41. Kd5 Kd7 42. Ke4 Ke6 43. Kd4 Kd6 44. Ke4 f5+ 45. Kd4 Bg2 46. Kc3
Kc5 47. Kd3 Bf3 48. Kc3 Be4 49. Kb3 Kd4 50. Kb4 Bd3 51. a4 bxa4 52. Kxa4 Ke4
53. Kb4 Kf3 54. Kc3 Ba6 55. Kd4 Kxg3 56. Ke5 Kxh4 57. Kf6 Kg4 58. Kxg6 h4 0-1

[Event "NB II. Erkel csoport"]
[Site "Budapest"]
[Date "2024.04.21"]
[Round "8.1"]
[White "Csati, Oliver"]
[Black "Reviczki, Roland"]
[Result "1-0"]
[WhiteElo "2233"]
[BlackElo "2231"]
[PlyCount "77"]
[EventDate "2023.10.08"]
[EventType "team-tourn"]
[EventRounds "9"]
[EventCountry "HUN"]
[Source "chess.hu"]
[WhiteTeam "HASE"]
[BlackTeam "TFSE"]
[WhiteTeamCountry "HUN"]
[BlackTeamCountry "HUN"]

1. e4 e5 2. Nf3 Nc6 3. Bc4 Nf6 4. d3 Be7 5. O-O O-O 6. Re1 d6 7. c3 Na5 8. Bb5
a6 9. Ba4 b5 10. Bc2 c5 11. Nbd2 Re8 12. Nf1 Bf8 13. Bg5 h6 14. Bh4 Bb7 15. Ne3
g5 16. Bg3 Nh5 17. Qd2 Nf4 18. Rad1 Qb6 19. h4 f6 20. hxg5 hxg5 21. Bxf4 exf4
22. Nf5 d5 23. b4 cxb4 24. cxb4 Nc6 25. a3 Ne7 26. N3d4 Nxf5 27. Nxf5 Rad8 28.
Bb3 Kh7 29. Qe2 Kg6 30. Bc2 Qc7 31. Rc1 Rc8 32. Qg4 Qh7 33. Nd4 Re5 34. Nf3
Ree8 35. e5 Qh5 36. d4+ Kh6 37. Qf5 Rxc2 38. Qxf6+ Kh7 39. Rxc2 1-0

[Event "NB II. Erkel csoport"]
[Site "Budapest"]
[Date "2024.04.21"]
[Round "8.2"]
[White "Laszlo, Csaba"]
[Black "Szabo, Zsolt"]
[Result "1/2-1/2"]
[WhiteElo "2077"]
[BlackElo "2232"]
[PlyCount "50"]
[EventDate "2023.10.08"]
[EventType "team-tourn"]
[EventRounds "9"]
[EventCountry "HUN"]
[Source "chess.hu"]
[WhiteTeam "TFSE"]
[BlackTeam "HASE"]
[WhiteTeamCountry "HUN"]
[BlackTeamCountry "HUN"]

1. e4 d6 2. d4 g6 3. Be3 Bg7 4. Nc3 c6 5. Nf3 Qa5 6. Qd2 Nf6 7. h3 O-O 8. Bd3
Nbd7 9. O-O-O b5 10. Kb1 e5 11. Nd5 Qxd2 12. Nxf6+ Bxf6 13. Rxd2 Nb6 14. dxe5
dxe5 15. Rhd1 Be6 16. b3 Rfd8 17. Be2 Rxd2 18. Rxd2 Kg7 19. Rd6 Rc8 20. Ng5
Bxg5 21. Bxg5 Rc7 22. Be3 Nd7 23. Kb2 Kf6 24. c3 Ke7 25. Rd1 a6 1/2-1/2

[Event "NB II. Erkel csoport"]
[Site "Budapest"]
[Date "2024.04.21"]
[Round "8.3"]
[White "Nagy, Ervin Dr"]
[Black "Suto, Gabor"]
[Result "1/2-1/2"]
[WhiteElo "2175"]
[BlackElo "2162"]
[PlyCount "82"]
[EventDate "2023.10.08"]
[EventType "team-tourn"]
[EventRounds "9"]
[EventCountry "HUN"]
[Source "chess.hu"]
[WhiteTeam "HASE"]
[BlackTeam "TFSE"]
[WhiteTeamCountry "HUN"]
[BlackTeamCountry "HUN"]

1. e4 c6 2. d3 e5 3. Nf3 Nf6 4. c3 d6 5. Be2 Be7 6. O-O O-O 7. Nbd2 Nbd7 8. Qc2
Re8 9. Re1 Nf8 10. d4 Ng6 11. dxe5 dxe5 12. Bc4 h6 13. Qb3 Rf8 14. a4 Qc7 15.
h3 Nf4 16. Nf1 N6h5 17. Ne3 Bc5 18. Nf5 Kh7 19. Nh2 g6 20. Be3 Bxe3 21. Nxe3
Be6 22. Nf3 Nf6 23. Bxe6 Nxe6 24. Nc4 Nc5 25. Qc2 Rfe8 26. b4 Ncd7 27. Rad1 Nb6
28. Qb3 Kg7 29. Rd2 Re6 30. a5 Nxc4 31. Qxc4 b6 32. Ra1 Rd8 33. axb6 axb6 34.
Rxd8 Qxd8 35. Ra7 Qd1+ 36. Kh2 Qd6 37. Ra6 Qd8 38. Ra7 Qd6 39. g3 Nd7 40. Qe2
b5 41. Kg2 Nb6 1/2-1/2

[Event "NB II. Erkel csoport"]
[Site "Budapest"]
[Date "2024.04.21"]
[Round "8.4"]
[White "Gabula, Adam"]
[Black "Koczka, Zsolt"]
[Result "1/2-1/2"]
[WhiteElo "1976"]
[BlackElo "2143"]
[PlyCount "113"]
[EventDate "2023.10.08"]
[EventType "team-tourn"]
[EventRounds "9"]
[EventCountry "HUN"]
[Source "chess.hu"]
[WhiteTeam "TFSE"]
[BlackTeam "HASE"]
[WhiteTeamCountry "HUN"]
[BlackTeamCountry "HUN"]

1. e4 e6 2. d4 d5 3. exd5 exd5 4. Bd3 Nf6 5. h3 h6 6. Qf3 c5 7. dxc5 Bxc5 8.
Nd2 O-O 9. Nb3 Bb6 10. Ne2 Nc6 11. Bf4 Nb4 12. O-O Be6 13. c3 Nxd3 14. Qxd3 Ne4
15. Ned4 Qf6 16. Bh2 Rac8 17. Rae1 a5 18. Re3 a4 19. Rf3 Qg6 20. Nc1 a3 21.
Nce2 axb2 22. Nf4 Qg5 23. Nfe2 Qd2 24. Bf4 Qxd3 25. Rxd3 Nxc3 26. Nxc3 Bxd4 27.
Rxd4 Rxc3 28. Rb1 Rc4 29. Be3 Rc2 30. Rb4 Rd8 31. R1xb2 Rxb2 32. Rxb2 d4 33.
Bf4 Rd7 34. Kf1 Bc4+ 35. Ke1 Re7+ 36. Kd1 Bf1 37. f3 b5 38. Rd2 d3 39. h4 Re6
40. Rb2 Ra6 41. Ke1 Be2 42. Kd2 Kh7 43. Be3 Rg6 44. g4 Bxf3 45. g5 Be4 46. Rxb5
Ra6 47. Rb2 Kg6 48. gxh6 gxh6 49. Rb6+ Rxb6 50. Bxb6 Kh5 51. Be3 Kxh4 52. Bxh6
Kg3 53. Ke3 f5 54. a4 Kg2 55. a5 Kf1 56. Kd2 Kf2 57. a6 1/2-1/2

[Event "NB II. Erkel csoport"]
[Site "Budapest"]
[Date "2024.04.21"]
[Round "8.5"]
[White "Kovacs, Klara"]
[Black "Biro, Zsolt"]
[Result "1-0"]
[WhiteElo "2073"]
[BlackElo "1932"]
[PlyCount "63"]
[EventDate "2023.10.08"]
[EventType "team-tourn"]
[EventRounds "9"]
[EventCountry "HUN"]
[Source "chess.hu"]
[WhiteTeam "HASE"]
[BlackTeam "TFSE"]
[WhiteTeamCountry "HUN"]
[BlackTeamCountry "HUN"]

1. c4 e5 2. Nc3 Bb4 3. g3 Nf6 4. Bg2 O-O 5. Nd5 Bc5 6. e3 Nxd5 7. cxd5 d6 8.
Ne2 Bg4 9. h3 Bxe2 10. Qxe2 f5 11. O-O Nd7 12. d3 Nf6 13. Qc2 Qd7 14. Bd2 f4
15. d4 exd4 16. exf4 Rae8 17. b4 Bb6 18. a4 a6 19. Kh2 Re7 20. Bf3 Rfe8 21. Qd3
Kf7 22. g4 Ne4 23. Bc1 Nc3 24. Qxh7 Re1 25. Bd2 Rxf1 26. Rxf1 Qxa4 27. g5 Ke7
28. Bh5 Kd8 29. Qxg7 Nxd5 30. Bxe8 Qxe8 31. Re1 Qh5 32. Qg8+ 1-0

[Event "NB II. Erkel csoport"]
[Site "Budapest"]
[Date "2024.04.21"]
[Round "8.6"]
[White "Gyorfi, Adam"]
[Black "Murin, Janos"]
[Result "1-0"]
[WhiteElo "1994"]
[BlackElo "2050"]
[PlyCount "123"]
[EventDate "2023.10.08"]
[EventType "team-tourn"]
[EventRounds "9"]
[EventCountry "HUN"]
[Source "chess.hu"]
[WhiteTeam "TFSE"]
[BlackTeam "HASE"]
[WhiteTeamCountry "HUN"]
[BlackTeamCountry "HUN"]

1. d4 Nf6 2. c4 g6 3. Nc3 Bg7 4. e4 d6 5. f3 O-O 6. Be3 e5 7. d5 Nbd7 8. Qd2 a6
9. Nge2 Rb8 10. g4 b5 11. Ng3 b4 12. Nd1 Nc5 13. h4 Bd7 14. h5 Qc8 15. Bh6 Bxg4
16. Bxg7 Kxg7 17. h6+ Kg8 18. Qg5 Qd8 19. fxg4 Nfxe4 20. Nxe4 Nxe4 21. Qxd8
Rfxd8 22. Bd3 Nc5 23. Bc2 f6 24. b3 Kf7 25. Nf2 Ke7 26. Ne4 Nd7 27. Ke2 Rf8 28.
Raf1 a5 29. Rh3 Rbc8 30. Rd3 Rf7 31. Rdf3 Rff8 32. Ra1 Rb8 33. Rc1 Rbc8 34. Ra1
Rb8 35. a3 Ra8 36. a4 Nc5 37. g5 Nxe4 38. Bxe4 f5 39. Bc2 Rf7 40. Rc1 Kd7 41.
Bb1 e4 42. Rf4 Re7 43. Ke3 c5 44. dxc6+ Kxc6 45. Rd1 Re5 46. Rf2 Rae8 47. Kf4
Rc5 48. Rfd2 Re6 49. Re1 Rce5 50. Re3 Kc5 51. Bc2 Kc6 52. Bd1 Kc5 53. Be2 Re7
54. Bf1 R7e6 55. Bg2 Re7 56. Re1 R5e6 57. Rd5+ Kb6 58. Rb5+ Ka6 59. Bf1 Rb7 60.
Rd5 Kb6 61. Red1 Kc6 62. Rxa5 1-0

[Event "NB II. Erkel csoport"]
[Site "Budapest"]
[Date "2024.04.21"]
[Round "8.7"]
[White "Hangay, Oliver"]
[Black "Guber, Peter"]
[Result "1-0"]
[WhiteElo "2025"]
[BlackElo "1928"]
[PlyCount "139"]
[EventDate "2023.10.08"]
[EventType "team-tourn"]
[EventRounds "9"]
[EventCountry "HUN"]
[Source "chess.hu"]
[WhiteTeam "HASE"]
[BlackTeam "TFSE"]
[WhiteTeamCountry "HUN"]
[BlackTeamCountry "HUN"]

1. e4 c5 2. Nf3 e6 3. d4 cxd4 4. Nxd4 a6 5. c4 Qc7 6. Nc3 Nf6 7. a3 Nc6 8. Be3
Be7 9. Be2 O-O 10. O-O d6 11. Rc1 Qb8 12. b4 Bd7 13. Qb3 Rd8 14. Rfd1 Be8 15.
f3 Nd7 16. Nxc6 bxc6 17. a4 c5 18. b5 a5 19. Bf4 f6 20. Rd2 Qb6 21. Rcd1 Ne5
22. Bg3 g5 23. h4 h6 24. Na2 Ng6 25. hxg5 hxg5 26. Qe3 Kg7 27. f4 gxf4 28. Bxf4
Nxf4 29. Qxf4 Bg6 30. Bg4 Kf7 31. Nc3 Qb7 32. Bf3 Qc7 33. Kf2 Rab8 34. Rh1 Rh8
35. Rdd1 Rbg8 36. Rh6 Rxh6 37. Qxh6 Bf8 38. Qh2 Ke7 39. Ne2 Kd8 40. Nf4 Bf7 41.
Qh3 Qe7 42. Bh5 Rh8 43. Qf3 Bxh5 44. Nxh5 Rh6 45. Nf4 e5 46. Nd5 Qe6 47. Qc3
Qg4 48. Qf3 Qg5 49. Ne3 Rh4 50. g3 Rh2+ 51. Kg1 Rb2 52. Ng4 Ke7 53. Rf1 Bg7 54.
Ne3 Kf7 55. Ng4 Ke7 56. Rf2 Rxf2 57. Kxf2 Qd2+ 58. Qe2 Qd4+ 59. Kg2 Qa1 60. Ne3
Qxa4 61. Nf5+ Kf8 62. Nxd6 Qb3 63. Qh5 Kg8 64. Qf7+ Kh8 65. Nf5 Qc2+ 66. Kh3
Bh6 67. Qxf6+ Kg8 68. Ne7+ Kh7 69. Qg6+ Kh8 70. Qg8# 1-0

[Event "NB II. Erkel csoport"]
[Site "Budapest"]
[Date "2024.04.21"]
[Round "8.8"]
[White "Csalami, Gabor"]
[Black "Minga-Nagy, Abel Inti"]
[Result "1/2-1/2"]
[WhiteElo "1945"]
[BlackElo "1957"]
[PlyCount "131"]
[EventDate "2023.10.08"]
[EventType "team-tourn"]
[EventRounds "9"]
[EventCountry "HUN"]
[Source "chess.hu"]
[WhiteTeam "TFSE"]
[BlackTeam "HASE"]
[WhiteTeamCountry "HUN"]
[BlackTeamCountry "HUN"]

1. d4 d5 2. c4 e6 3. Nc3 Bb4 4. Nf3 Nf6 5. cxd5 exd5 6. e3 O-O 7. Bd3 Bg4 8.
Qb3 Bxc3+ 9. bxc3 Qc8 10. Ne5 c5 11. Qc2 c4 12. Be2 Bf5 13. Qb2 Nc6 14. f4 Nxe5
15. dxe5 Ne4 16. O-O Qc5 17. Rd1 h6 18. Rd4 a5 19. g4 Bh7 20. a4 Ra6 21. Bf3
Rb6 22. Qa3 Qc6 23. Bd2 Rb3 24. Qc1 Rd8 25. Be1 b5 26. axb5 Qxb5 27. f5 Rb8 28.
Bxe4 dxe4 29. Qd2 Re8 30. Rd5 Qb6 31. Qd4 Qc6 32. Rdxa5 h5 33. Ra6 Qc7 34. Ra7
Rb7 35. h3 Kh8 36. Ra8 Rbb8 37. Rxb8 Qxb8 38. Bg3 Rd8 39. Qxe4 hxg4 40. hxg4
Qb2 41. Ra8 Rxa8 42. Qxa8+ Bg8 43. Qe4 Qc1+ 44. Kg2 Qxc3 45. g5 Qd2+ 46. Kh3
Qd3 47. Qxd3 cxd3 48. Be1 Bh7 49. Kg4 Kg8 50. e4 Kf8 51. Kf4 Ke7 52. Ke3 g6 53.
Kf4 Kd7 54. Bb4 Bg8 55. e6+ Ke8 56. Ke5 gxf5 57. exf7+ Bxf7 58. exf5 d2 59.
Bxd2 Kf8 60. Kf6 Bb3 61. Bb4+ Kg8 62. Ke7 Bc2 63. f6 Bg6 64. Ke6 Bh5 65. Bc3
Bg6 66. Ke7 1/2-1/2

[Event "NB II. Erkel csoport"]
[Site "Budapest"]
[Date "2024.04.21"]
[Round "8.9"]
[White "Schreuder Peters, Misja"]
[Black "Szarvas, Nora"]
[Result "1/2-1/2"]
[WhiteElo "1894"]
[BlackElo "1948"]
[PlyCount "47"]
[EventDate "2023.10.08"]
[EventType "team-tourn"]
[EventRounds "9"]
[EventCountry "HUN"]
[Source "chess.hu"]
[WhiteTeam "HASE"]
[BlackTeam "TFSE"]
[WhiteTeamCountry "HUN"]
[BlackTeamCountry "HUN"]

1. e4 c5 2. Nf3 d6 3. Bb5+ Bd7 4. Bxd7+ Qxd7 5. O-O Nc6 6. c3 Nf6 7. Re1 g6 8.
d4 cxd4 9. cxd4 Bg7 10. Nc3 O-O 11. h3 Rfd8 12. Be3 b6 13. d5 Na5 14. Qe2 Rdc8
15. Bd4 e6 16. e5 Nxd5 17. Nxd5 exd5 18. e6 Qxe6 19. Qxe6 fxe6 20. Bxg7 Kxg7
21. Rxe6 Re8 22. Rxd6 Rad8 23. Rxd8 Rxd8 24. Nd4 1/2-1/2

[Event "NB II. Erkel csoport"]
[Site "Budapest"]
[Date "2024.04.21"]
[Round "8.10"]
[White "Janosi, Bence"]
[Black "Csetneki, Mark"]
[Result "1-0"]
[WhiteElo "1893"]
[BlackElo "1881"]
[PlyCount "89"]
[EventDate "2023.10.08"]
[EventType "team-tourn"]
[EventRounds "9"]
[EventCountry "HUN"]
[Source "chess.hu"]
[WhiteTeam "TFSE"]
[BlackTeam "HASE"]
[WhiteTeamCountry "HUN"]
[BlackTeamCountry "HUN"]

1. d4 d5 2. c4 c6 3. Nf3 dxc4 4. e3 b5 5. a4 Bb7 6. axb5 cxb5 7. b3 e6 8. bxc4
b4 9. c5 a5 10. Ne5 Nc6 11. Bb5 Qc7 12. Qf3 Rc8 13. Nxc6 Bxc6 14. Bxc6+ Qxc6
15. Qxc6+ Rxc6 16. Rxa5 Nf6 17. Rb5 Nd5 18. Bd2 e5 19. O-O Be7 20. Bxb4 exd4
21. exd4 O-O 22. Ba5 Bf6 23. Rd1 h6 24. Nc3 Nxc3 25. Bxc3 Rd8 26. g3 Be7 27.
Rd2 Rd5 28. Rb8+ Kh7 29. Rb7 Re6 30. Rc7 Kg6 31. Ra2 f5 32. Rca7 Bf6 33. R7a6
Re8 34. Kf1 Kh5 35. R2a4 Red8 36. c6 Rc8 37. Rc4 Rd6 38. h3 Kg6 39. Ke2 Kf7 40.
Kd3 Ke6 41. Bb4 Rd5 42. Bc5 f4 43. Ke4 Rc7 44. Kxf4 Rf5+ 45. Ke4 1-0

[Event "NB II. Erkel csoport"]
[Site "Budapest"]
[Date "2024.04.21"]
[Round "8.11"]
[White "Zoltan, Andras"]
[Black "Morovan-Szabo, Lorinc"]
[Result "0-1"]
[WhiteElo "1783"]
[BlackElo "1848"]
[PlyCount "64"]
[EventDate "2023.10.08"]
[EventType "team-tourn"]
[EventRounds "9"]
[EventCountry "HUN"]
[Source "chess.hu"]
[WhiteTeam "HASE"]
[BlackTeam "TFSE"]
[WhiteTeamCountry "HUN"]
[BlackTeamCountry "HUN"]

1. e4 e5 2. Bc4 Bc5 3. Nf3 Nc6 4. O-O Nf6 5. d4 Bxd4 6. Nxd4 Nxd4 7. Bg5 d6 8.
f4 Be6 9. Bxe6 Nxe6 10. fxe5 dxe5 11. Nc3 Qxd1 12. Raxd1 Nxg5 13. h4 Ne6 14.
Rf5 O-O 15. Nd5 Rad8 16. Rxe5 c6 17. Nc3 Rxd1+ 18. Nxd1 Rd8 19. Ne3 Rd4 20. c3
Rxe4 21. Rxe4 Nxe4 22. Kf1 Nf4 23. g4 g6 24. Nc4 Kf8 25. Na5 Nd6 26. b3 Nd3 27.
c4 c5 28. a3 Ne5 29. b4 Nexc4 30. bxc5 Nxa5 31. cxd6 Nc4 32. d7 Ke7 0-1

[Event "NB II. Erkel csoport"]
[Site "Budapest"]
[Date "2024.04.21"]
[Round "8.12"]
[White "Tagai, Marton"]
[Black "Rabovszky, Gyorgy"]
[Result "1-0"]
[WhiteElo "1914"]
[BlackElo "1763"]
[PlyCount "69"]
[EventDate "2023.10.08"]
[EventType "team-tourn"]
[EventRounds "9"]
[EventCountry "HUN"]
[Source "chess.hu"]
[WhiteTeam "TFSE"]
[BlackTeam "HASE"]
[WhiteTeamCountry "HUN"]
[BlackTeamCountry "HUN"]

1. e4 c5 2. c3 e6 3. d4 cxd4 4. cxd4 d5 5. e5 Nc6 6. Nc3 Bd7 7. Be3 Bb4 8. a3
Bxc3+ 9. bxc3 Nge7 10. Bd3 Nf5 11. Qg4 Nxe3 12. Qxg7 Rf8 13. fxe3 Ne7 14. Qxh7
Qa5 15. Ne2 Bb5 16. Kd2 O-O-O 17. Bxb5 Qxb5 18. Rhb1 Qe8 19. Qd3 Rh8 20. h3 Qg8
21. Qb5 Rd7 22. Nf4 Nf5 23. g4 Ng3 24. Rc1 Ne4+ 25. Kc2 Rc7 26. Kb2 Rc6 27. Qd3
Qd8 28. c4 Qb6+ 29. Ka2 dxc4 30. Rxc4 Kd7 31. Rac1 Rhc8 32. d5 exd5 33. Qxd5+
Nd6 34. exd6 Rxc4 35. Qxf7+ 1-0

[Event "NB II. Erkel csoport"]
[Site "Fot"]
[Date "2024.04.21"]
[Round "8.1"]
[White "Boricsev, Oleg"]
[Black "Sagi, Bence"]
[Result "0-1"]
[WhiteElo "2192"]
[BlackElo "2161"]
[PlyCount "116"]
[EventDate "2023.10.08"]
[EventType "team-tourn"]
[EventRounds "9"]
[EventCountry "HUN"]
[Source "chess.hu"]
[WhiteTeam "Egri Bolyky BastyaSE"]
[BlackTeam "Fot SE-LearningChess"]
[WhiteTeamCountry "HUN"]
[BlackTeamCountry "HUN"]

1. e4 c5 2. c3 Nf6 3. e5 Nd5 4. d4 cxd4 5. Nf3 e6 6. cxd4 d6 7. Be2 Bd7 8. O-O
Bc6 9. Nc3 Nd7 10. Re1 dxe5 11. Nxd5 Bxd5 12. Nxe5 a6 13. Bf3 Nf6 14. Bg5 Be7
15. Bxf6 Bxf6 16. Ng4 O-O 17. Nxf6+ gxf6 18. Be4 Bxe4 19. Rxe4 f5 20. Re5 Qf6
21. Qf3 Rad8 22. Rd1 Rxd4 23. Rxd4 Qxe5 24. Qg3+ Qxg3 25. hxg3 Rc8 26. Rb4 Rc7
27. Rb6 Kg7 28. f4 Kf8 29. Kf2 Ke7 30. Kf3 h5 31. Ke3 Rd7 32. a4 Kd8 33. Rb3
Kc7 34. Rc3+ Kb6 35. b4 a5 36. bxa5+ Kxa5 37. Rc4 Kb6 38. Rc8 Rc7 39. Rf8 Rc3+
40. Kf2 Rc4 41. Ra8 Rc5 42. Rh8 Ra5 43. Rxh5 Rxa4 44. Rh7 Kc5 45. Rxf7 b5 46.
Re7 Kd5 47. Rb7 Kc4 48. Rb6 b4 49. Rxe6 b3 50. Rc6+ Kd3 51. Rd6+ Kc3 52. Rd1
Kc2 53. Rd8 b2 54. Rb8 Ra3 55. Rxb2+ Kxb2 56. g4 fxg4 57. f5 Kc2 58. f6 Kd2 0-1